Все участники шоу "Титаны" 3 сезон - Statistics

General Stats
  • This quiz has been taken 5 times
  • The average score is 21 of 111
Answer Stats
Имя Спорт % Correct
1 Илья Ковальчук хоккеист
80%
41 Дмитрий Яшанькин бодибилдер
80%
42 Оксана Яшанькина спортивная гимнастка
80%
43 Алексей Яшанькин батутист
80%
44 Юрий Яшанькин тяжелоатлет
80%
61 Никита Нагорный спортивный гимнаст
80%
111 Александр Поветкин боксёр
80%
2 Яна Егорян фехтовальщица
60%
3 Алексей Немов спортивный гимнаст
60%
5 Леван Горозия баскетболист
60%
17 Илья Бельский боец ММА
60%
25 Давид Белявский спортивный гимнаст
60%
27 Фёдор Кудряшов футболист
60%
46 Александр Сычугов спортивный гимнаст
60%
47 Дарья Нагорная спортивная гимнастка
60%
48 Торнике Квитатиани вольный борец
60%
56 Анар Халилов каскадёр
60%
97 Кирилл Бельский кроссфитер
60%
14 Никита Ушнев хоккеист
40%
18 Катя Голден модель
40%
37 Алексей Карпов рукопашный боец
40%
38 Пётр Карпов хоккеист
40%
45 Алексей Зайцев бобслеист
40%
57 Ярослав Горячев сёрфер
40%
69 Светлана Веселова кроссфитерша
40%
81 Александр Ерёмин кёрлингист
40%
98 Георгий Славороссов хоккеист
40%
108 Ольга Фаткулина конькобежка
40%
4 Леонид Гатовский джиу-джитсер
20%
6 Айхан Шинжин танцор
20%
8 Пётр Киреев пауэрлифтер
20%
9 Константин Андреев велогонщик
20%
10 Женя Ершов боец поп-ММА
20%
11 Нарек Симонян боец поп-ММА
20%
12 Алина Исмаилова модель
20%
22 Эдуард Трояновский боксёр
20%
28 Руслан Нигматуллин футбольный вратарь
20%
32 Фарид Ядуллаев боец ММА
20%
58 Пейзулла Магомедов тайбоксёр
20%
59 Кристина Москвина эквилибристка
20%
64 Зухра Расулова вольная борчиха
20%
66 Баатар Басхамджиев стритлифтер
20%
80 Владимир Чайка сумоист
20%
85 Александр Земляков вольный борец
20%
91 Наим Давудов боксёр
20%
99 Артём Земляков вольный борец
20%
101 Евгений Генин сноубордист
20%
103 Василиса Степанова гребчиха
20%
107 Саадат Далгатова боксёрша
20%
109 Алексей Денисенко тхэквондист
20%
7 Екатерина Никишёва армрестлерша
0%
13 Евгений Тищенко боксёр
0%
15 Антон Васильев хоккеист
0%
16 Даниэль Хазиме теннисист
0%
19 Ольга Петрикова телеведущая
0%
20 Андрей Романов корреспондент
0%
21 Юрий Постригай гребец
0%
23 Дарья Норицина регбистка
0%
24 Анжелика Тиманина синхронистка
0%
26 Алексей Бондаренко спортивный гимнаст
0%
29 Елизавета Исаева паркуристка
0%
30 Дэниэл Мукете дзюдоист
0%
31 Умалат Исрапилов самбист
0%
33 Дмитрий Гудков вольный борец
0%
34 Чжан Чэнцян ушуист
0%
35 Даниил Ламас бортпроводник
0%
36 Лана Киселёва фитнес-тренерша
0%
39 Ксения Корольчук полиатлонистка
0%
40 Екатерина Бецкова полиатлонистка
0%
49 Виктория Фурманова кёрлингистка
0%
50 Артём Бабаев пожарный
0%
51 Дмитрий Огнерубов врач
0%
52 Георгий Живайкин врач
0%
53 Сергей Чеблуков врач
0%
54 Артём Сильченко прыгун в воду
0%
55 Иван Касымов дайвер
0%
60 Милана Имамалиева каратистка
0%
62 Юрий Данильченко акробат
0%
63 Заира Дышекова боксёрша
0%
65 Искандар Зияев боец ММА
0%
67 Станислав Лифанцев ушуист
0%
68 Ульяна Канатова ушуистка
0%
70 Альбина Тухбатуллина пауэрлифтерша
0%
71 Виктория Нечаева танцовщица
0%
72 Арсен Рангулов пауэрлифтер
0%
73 Артур Белоус пауэрлифтер
0%
74 Ян Хуат тяжелоатлет
0%
75 Артём Гришин армрестлер
0%
76 Владислав Поляшов спортивный гимнаст
0%
77 Жаслан Бекбаев акробат
0%
78 Олег Майоров акробат
0%
79 Анна Половинская акробатка
0%
82 Дмитрий Соломатин регбист
0%
83 Владислав Бойков кузнец
0%
84 Даниил Гочуа гиревик
0%
86 Александр Козлов марафонец
0%
87 Дарья Муллакаева пловчиха
0%
88 Максим Громов вейкбордист
0%
89 Александра Порфирова конкуристка
0%
90 Анастасия Осколкова модель
0%
92 Николай Чибис боксёр
0%
93 Александр Смирнов шахбоксёр
0%
94 Эмиль Карнеев конькобежец
0%
95 Арам Григорян самбист
0%
96 Иван Шурупов фитнес-тренер
0%
100 Максим Берлизов пауэрлифтер
0%
102 Сергей Чернышёв брейк-дансер
0%
104 Дарья Дубова художественная гимнастка
0%
105 Гульназ Хатунцева велогонщица
0%
106 Лилия Ахаимова спортивная гимнастка
0%
110 Сергей Федоровцев гребец
0%
No matching quizzes found
Score Distribution
Percent of People with Each Score
Percentile by Number Answered
Your Score History
You have not taken this quiz